Praxis penal & procesal penal (Registro nro. 22092)

Detalles MARC
000 -Cabecera
Campo de control interno 00765nam a2200277Ia 4500
005 - Fecha y hora del registro
control field 20260320113342.0
008 - Elementos de Longitud Fija
fixed length control field 260320s9999||||xx |||||||||||||| ||und||
022 ## - ISSN
ISSN 31197663
041 ## - Idioma
Codigo Idioma ESP
082 ## - DEWEY y NOTACIÓN INTERNA
Dewey HR 344 ENE 2026
Notación Interna PPP
100 ## - AUTOR
Autor denominación
Término de relación
110 ## - AUTOR INSTTITUCIONAL
Autor Institucional Grupo Praxis
245 #0 - TÍTULO DE MATERIAL BIBLIOGRÁFICO
Título Praxis penal & procesal penal
Título paralelo
246 ## - TÍTULO TRADUCIDO
Título
Título paralelo
Autor
260 ## - CIUDAD, EDITORIAL, AÑO
Ciudad Lima :
Nombre de la Editorial Grupo Praxis
Año 2026
300 ## - DESCRIPCIÓN
N° Páginas 256 páginas :
Otros detalles gráficos ;
Dimensiones 25 cm.
Material Adicional
440 ## - MENCIÓN DE SERIE
Título de la Serie
Número de Serie
Volumen de Serie
505 ## - TABLA DE CONTENIDO
Tabla de Contenido Número 1 (2026)
650 ## - TEMAS
Temas Ciencias Sociales
653 ## - DESCRIPTORES
Lenguajes no controlado Derecho - Revista
654 ## - PROGRAMAS
Programa
700 ## - OTROS AUTORES
Otros autores Muro Rojo, Manuel,
Títulos y otras palabras asociadas con el nombre
856 ## - URL - UBICACIÓN
URI/URL: Enlace exacto del recurso <a href="https://zonadelsuscriptor.praxisperu.pe/biblioteca/public/library.php">https://zonadelsuscriptor.praxisperu.pe/biblioteca/public/library.php</a>
Nota pública: Versión digital <a href="Versión digital">Versión digital</a>
942 ## - ELEMENTOS DE KOHA
Tipo de documento Revista
Nombre del creador Justo Noguera
Código de catalogador Mirtha Ponce
Esquema de clasificación Dewey Decimal Classification
Suppress in OPAC
Existencias
Codigo completo Registro Colección Copia número Disponibilidad Tipo de préstamo Biblioteca Actual Procedencia (Biblioteca) Ubicacón Fecha Ingreso Tipo de Adquisición Observación Date last seen Total checkouts Price effective from Tipo de Item Estado del Material Fuente de Clasificación Damaged status Withdrawn status
HR 344 ENE 2026 PPP 1088009 Universidad Católica San Pablo 1 Disponible Disponible Víctor Andrés Belaunde Víctor Andrés Belaunde Planta baja abierta 10/03/2026 Suscripción Derecho 20/03/2026   20/03/2026 Revista Bueno Dewey Decimal Classification